000 00431nam a22001577a 4500
999 _c12096
_d12096
008 210119b ||||| |||| 00| 0 eng d
082 0 0 _a623.8503
_bL4251
100 _93106
_aLaws, W.
245 1 0 _aElectricity applied to marine engineering
_cBy W. Laws
250 _a4th ed.
260 _aLondon
_bInstitute of Marine Engineers
_c1966
300 _a445 p.
365 _d22.50
650 0 _aElectrical Engineering
942 _cBK